000 00299nam a2200133Ia 4500
008 190216s9999||||xx |||||||||||||| ||und||
100 _aSankaran S
245 0 _aMacro Economics
250 _a5th Ed.
260 _bMargham Publications
_c1993
300 _a309
650 _aEconomics
942 _cBK
999 _c10377
_d10377